[Event "BLR-ch U18"]
[Site "Rogachev"]
[Date "2024.02.09"]
[Round "7"]
[White "Lazakovich, Arseni"]
[Black "Matyskin, Maksim"]
[Result "0-1"]
[WhiteElo "1800"]
[BlackElo "1446"]
[PlyCount "88"]
[EventDate "2024.02.03"]
[EventType "swiss"]
[EventRounds "9"]
[EventCountry "BLR"]
[SourceTitle "EXT 2025"]
[Source "ChessBase"]
[SourceDate "2024.10.14"]
[SourceVersion "1"]
[SourceVersionDate "2024.10.14"]
[SourceQuality "1"]

1. e4 e6 2. Nf3 d5 3. e5 c5 4. d4 Nc6 5. c3 Qb6 6. Be2 cxd4 7. cxd4 Nge7 8. b3 Nf5 9. Bb2 Bb4+ 10. Nbd2 Ncxd4 11. 0-0 Nxe2+ 12. Qxe2 Bd7 13. a4 0-0 14. g4 Nh6 15. h3 Rac8 16. Nd4 Bc3 17. N2f3 Bxb2 18. Qxb2 a6 19. Qd2 Kh8 20. Qd3 Qb4 21. Ng5 g6 22. Ngf3 Qc3 23. Qe2 b5 24. Rfc1 Qb4 25. Qe3 Kg7 26. Qg5 Ng8 27. Qh4 bxa4 28. bxa4 Rxc1+ 29. Rxc1 Qxa4 30. g5 Rc8 31. Rf1 Rc4 32. Qf4 Qb4 33. Qe3 Ne7 34. Ra1 a5 35. Kg2 Nc6 36. Nxc6 Bxc6 37. Qa7 Qb7 38. Qxa5 d4 39. Qd8 Bxf3+ 40. Kg3 Rc8 41. Qxd4 Bd5 42. Qf4 Rc3+ 43. Kh2 Rf3 44. Qd2 Qb3 0-1

[Event "BLR-ch U18"]
[Site "Rogachev"]
[Date "2024.02.07"]
[Round "5"]
[White "Shustsikau, Pavel"]
[Black "Lazakovich, Arseni"]
[Result "1-0"]
[WhiteElo "1500"]
[BlackElo "1800"]
[PlyCount "85"]
[EventDate "2024.02.03"]
[EventType "swiss"]
[EventRounds "9"]
[EventCountry "BLR"]
[SourceTitle "EXT 2025"]
[Source "ChessBase"]
[SourceDate "2024.10.14"]
[SourceVersion "1"]
[SourceVersionDate "2024.10.14"]
[SourceQuality "1"]

1. e4 c5 2. Nc3 g6 3. g3 Bg7 4. Bg2 e6 5. d3 Ne7 6. Be3 d6 7. f4 Nbc6 8. Nf3 a6 9. Rb1 0-0 10. d4 cxd4 11. Nxd4 Qa5 12. 0-0 Nxd4 13. Bxd4 e5 14. Be3 Rd8 15. Qd2 Be6 16. Qf2 Rd7 17. a3 Qd8 18. Na4 Nc8 19. b3 exf4 20. gxf4 f5 21. exf5 Bxf5 22. Bd5+ Kh8 23. Rbd1 Rb8 24. Nb6 Nxb6 25. Bxb6 Qf8 26. Rfe1 Rc8 27. c4 h5 28. Qg2 Rb8 29. a4 Bg4 30. Be6 Re7 31. Bxg4 Rxe1+ 32. Rxe1 hxg4 33. Qxg4 Qf6 34. Qh3+ Kg8 35. Qe6+ Kh7 36. Qxf6 Bxf6 37. Re6 Bc3 38. Rxd6 Rf8 39. Rd7+ Kh6 40. Be3 b5 41. cxb5 axb5 42. axb5 Re8 43. Kf2 1-0